MARC details
| 000 -CABECERA |
| campo de control de longitud fija |
00933nam a2200301 a 4500 |
| 001 - NÚMERO DE CONTROL |
| campo de control |
000010774 |
| 005 - FECHA Y HORA DE LA ÚLTIMA TRANSACCIÓN |
| campo de control |
20200929162305.0 |
| 008 - DATOS DE LONGITUD FIJA--INFORMACIÓN GENERAL |
| campo de control de longitud fija |
830329s1982 sp a 000 0 spa |
| 010 ## - NÚMERO DE CONTROL DE LA BIBLIOTECA DEL CONGRESO |
| Número de control de LC |
83131668 |
| 020 ## - NÚMERO INTERNACIONAL ESTÁNDAR DEL LIBRO |
| Número Internacional Estándar del Libro |
848533776X |
| 035 ## - NÚMERO DE CONTROL DEL SISTEMA |
| Número de control de sistema |
(DLC) 83131668 |
| 040 ## - FUENTE DE LA CATALOGACIÓN |
| Centro catalogador/agencia de origen |
DO-SdBNP |
| Centro/agencia transcriptor |
DLC |
| Centro/agencia modificador |
DLC |
| -- |
BNPHU |
| 043 ## - CÓDIGO DE ÁREA GEOGRÁFICA |
| Código de área geográfica |
e-sp--- |
| 082 ## - NÚMERO DE LA CLASIFICACIÓN DECIMAL DEWEY |
| Número de clasificación |
599.734 |
| Número de documento/Ítem |
M294m |
| 245 00 - MENCIÓN DE TÍTULO |
| Título |
Manual de la matanza / |
| Mención de responsabilidad, etc. |
J. V. Sueiro ... [et al.]. |
| 260 ## - PUBLICACIÓN, DISTRIBUCIÓN, ETC. |
| Lugar de publicación, distribución, etc. |
Madrid : |
| Nombre del editor, distribuidor, etc. |
Penthalon, |
| Fecha de publicación, distribución, etc. |
[1982?]. |
| 300 ## - DESCRIPCIÓN FÍSICA |
| Extensión |
269 p. : |
| Otras características físicas |
il. ; |
| Dimensiones |
19 cm. |
| 490 1# - MENCIÓN DE SERIE |
| Mención de serie |
Textos ludicos de Pantagruel |
| Designación de volumen o secuencia |
21 |
| 650 #4 - PUNTO DE ACCESO ADICIONAL DE MATERIA--TÉRMINO DE MATERIA |
| Término de materia o nombre geográfico como elemento de entrada |
Carnívoros |
| 9 (RLIN) |
25996 |
| 650 #4 - PUNTO DE ACCESO ADICIONAL DE MATERIA--TÉRMINO DE MATERIA |
| Término de materia o nombre geográfico como elemento de entrada |
Carnívoros fósiles |
| 9 (RLIN) |
25997 |
| 650 #4 - PUNTO DE ACCESO ADICIONAL DE MATERIA--TÉRMINO DE MATERIA |
| Término de materia o nombre geográfico como elemento de entrada |
Corte de carnes |
| Subdivisión geográfica |
España |
| 9 (RLIN) |
25998 |
| 700 1# - PUNTO DE ACCESO ADICIONAL--NOMBRE DE PERSONA |
| Nombre de persona |
Sueiro, Jorge-Victor. |
| 9 (RLIN) |
25999 |
| 700 1# - PUNTO DE ACCESO ADICIONAL--NOMBRE DE PERSONA |
| Nombre de persona |
E. Méndez Riestra. |
| 9 (RLIN) |
26000 |
| 700 1# - PUNTO DE ACCESO ADICIONAL--NOMBRE DE PERSONA |
| Nombre de persona |
J. J. Lapitz. |
| 9 (RLIN) |
26001 |
| 700 1# - PUNTO DE ACCESO ADICIONAL--NOMBRE DE PERSONA |
| Nombre de persona |
J. C. Capel. |
| 9 (RLIN) |
26002 |
| 830 #0 - PUNTO DE ACCESO ADICIONAL DE SERIE-TÍTULO UNIFORME |
| Título uniforme |
Textos ludicos de Pantagruel ; |
| Nombre de parte o sección de la obra |
21 |
| 9 (RLIN) |
26003 |
| 910 ## - DATOS DE OPCIÓN DEL USUARIO (OCLC) |
| Datos de opción del usuario |
Catalogación por copia / LC |